[Event "FRA-chT U20 0203"]
[Site "Clichy"]
[Date "2003.05.04"]
[Round "11.5"]
[White "Grynblat, Julien"]
[Black "Chemblette, Alexis"]
[Result "1-0"]
[WhiteElo "1530"]
[BlackElo "1040"]
[PlyCount "100"]
[EventDate "2002.12.??"]
[EventType "team"]
[EventRounds "11"]
[EventCountry "FRA"]
[SourceTitle "EXT 2004"]
[Source "ChessBase"]
[SourceDate "2003.11.25"]
[SourceVersion "1"]
[SourceVersionDate "2003.11.25"]
[SourceQuality "1"]
[WhiteTeam "Clichy"]
[BlackTeam "Neuilly"]
[WhiteTeamCountry "FRA"]
[BlackTeamCountry "FRA"]

1. d4 d5 2. Nf3 e6 3. Bf4 Nc6 4. e3 g6 5. Bd3 Bg7 6. 0-0 Nge7 7. c3 0-0 8. Nbd2 b6 9. Bg3 Bb7 10. Ne1 Qd7 11. f4 f5 12. Nef3 Rae8 13. Ne5 Nxe5 14. dxe5 c5 15. Nf3 c4 16. Bc2 Qb5 17. Ba4 Qxb2 18. Bxe8 Rxe8 19. Qc1 Qe2 20. Rf2 Qd3 21. Qd2 Qxd2 22. Rxd2 b5 23. Nd4 Nc6 24. Nxb5 Ra8 25. Nc7 Rb8 26. Rb1 Nd8 27. Rdb2 Rc8 28. Nxe6 Nxe6 29. Rxb7 a5 30. Rb8 Rxb8 31. Rxb8+ Kf7 32. Rb7+ Kg8 33. Bh4 Nc5 34. Rb5 Ne4 35. e6 Bf6 36. e7 Kf7 37. Bxf6 Nxf6 38. Rxa5 Kxe7 39. a4 Nd7 40. Rxd5 Nb6 41. Re5+ Kd6 42. a5 Nc8 43. a6 Kc7 44. Ra5 Kb6 45. Ra4 Na7 46. Rxc4 Kxa6 47. Rc7 h5 48. Rg7 Nb5 49. Rxg6+ Ka5 50. Rg5 Nxc3 1-0